Law of torts (Record no. 32478)

MARC details
000 -LEADER
fixed length control field 00454nam a2200181Ia 4500
008 - FIXED-LENGTH DATA ELEMENTS--GENERAL INFORMATION
fixed length control field 230917s9999||||xx |||||||||||||| ||und||
020 ## - ISBN
Price RS850
040 ## - CATALOGING SOURCE
-- 257377
Original cataloging agency VIVEKANANDA LIBRARY
041 ## - Language
-- English
082 ## - DDC NUMBER
Classification number 346.03 R187L(28)
100 ## - MAIN ENTRY--PERSONAL NAME
Personal name Rattan Lal
245 #0 - TITLE STATEMENT
Title Law of torts
250 ## - EDITION STATEMENT
Edition statement 28th ed.
260 ## - PUBLICATION, DISTRIBUTION, ETC. (IMPRINT)
Place of publication, distribution, etc Gurgaon
Name of publisher, distributor, etc Lexis Nexis
Date of publication, distribution, etc 2019
300 ## - PHYSICAL DESCRIPTION
Pages ccxi, 848 p.
500 ## - GENERAL NOTE
General note 3582 13/08/2019 HBD19/8043 09/12/2019 Main Budget
942 ## - ADDED ENTRY ELEMENTS (KOHA)
Koha item type Books
Holdings
Withdrawn status Lost status Damaged status Not for loan Location (home branch) Sublocation or collection (holding branch) Date acquired Koha issues (times borrowed) Koha full call number Accession No. Koha date last seen Koha item type
        VIVEKANANDA LIBRARY VIVEKANANDA LIBRARY   1 346.03 R187L(28) 377018 26/09/2025 Books
        VIVEKANANDA LIBRARY VIVEKANANDA LIBRARY     346.03 R187L(28) 377019 17/09/2023 Books
        VIVEKANANDA LIBRARY VIVEKANANDA LIBRARY     346.03 R187L(28) 377020 17/09/2023 Books
        VIVEKANANDA LIBRARY VIVEKANANDA LIBRARY     346.03 R187L(28) 377021 17/09/2023 Books
        VIVEKANANDA LIBRARY VIVEKANANDA LIBRARY   1 346.03 R187L(28) 377022 30/09/2024 Books
© Designed and Maintained by Vivekananda Library, MDU Rohtak